000 00663nam a2200241 i 4500
001 C2-0319314
003 PPAK
005 20180728115035.0
008 121029s2012 my |||| ||||| | may d
020 _a9789674031107
040 _aPPAK
_beng
_cPPAK
_erda
082 0 4 _a297.57
_223
090 0 0 _a297.57
_bAMR
_dG
100 0 _aAmru Khalid,
_eauthor
245 1 0 _aGhayyir nafsaka :
_bperubahan diri
264 1 _aKuala Lumpur :
_bBlue-T Publication ,
_c2012
300 _aix, 406 pages ;
_c23 cm.
336 _2rdacontent
_atext
337 _2rdamedia
_aunmediated
338 _2rdacarrier
_avolume
650 1 0 _aMuslim - Conduct of life
942 _ddc
_cB
999 _c120142
_d120142